| 000 | 00690nam a2200265Ia 4500 | ||
|---|---|---|---|
| 003 | OSt | ||
| 005 | 20221007112738.0 | ||
| 006 | a|||||r|||| 00| 0 | ||
| 007 | ta | ||
| 008 | 221006b |||||||| |||| 00| 0 eng d | ||
| 024 | _a29,299 | ||
| 037 | _cTextual | ||
| 040 |
_aLCO _cLCO _beng |
||
| 041 |
_2eng _aeng |
||
| 082 | _aZ2,8, Q2 | ||
| 100 |
_aTak Chand _9708777 |
||
| 245 | 0 | _aLaw of Contempt of Court and of Legislature | |
| 250 | _aVth | ||
| 260 |
_aNew _bDelhi Universal Law Publishing India _c2012 |
||
| 300 | _a920 | ||
| 650 | _aCONTEMPT | ||
| 700 |
_a Sarin H.L _9345931 |
||
| 942 |
_hZ2,8, Q2 _cTEXL |
||
| 999 |
_c1198862 _d1198862 |
||